000 00482nam a2200157Ia 4500
008 230711s9999||||xx |||||||||||||| ||und||
041 _aENG
082 _a711.2
_bCH-G
100 _aChatterji, Tathagata
245 0 _aGlobalisation and Peri-urban transformation
_bA comparative analysis of the governance characteristics of three Indian cities
250 _a1st Ed.
260 _c2017
_aGhaziabad
_bCopal Publishing Group
300 _a267p.
650 _aArchitecture
942 _cBK
999 _c6052
_d6052